000 00430 a2200157 4500
008 150909b xxu||||| |||| 00| 0 eng d
041 _aEng.
082 _aCD5028
100 _aDhakal, Manoj
245 _aLearning difficulties in English grammar
260 _aPokhara
_c2010
502 _aDissertation
_bEducation
_cT. U., PNC
650 _aEnglish language
_aEnglish grammar
_aSentences
653 _aEnglish
942 _2ddc
_cVM
999 _c62844
_d62832